EIHL stadiums - Statistics

General Stats
  • This quiz has been taken 27 times
  • The average score is 5 of 10
Answer Stats
Team Stadium % Correct
Belfast Giants SSE Arena
77%
Nottingham Panthers Motorpoint Arena
68%
Manchester Storm Planet Ice
59%
Sheffield Steelers Utilita Arena
59%
Glasgow Clan Braehead Arena
55%
Guildford Flames Guildford Spectrum
55%
Fife Flyers Fife Ice Arena
41%
Dundee Stars Dundee Ice Arena
36%
Cardiff Devils Ice Arena Wales
36%
Coventry Blaze Coventry Skydome
23%
No matching quizzes found
Score Distribution
Percent of People with Each Score
Percentile by Number Answered
Your Score History
You have not taken this quiz